| 000 | 01386nam a2200265Ia 4500 | ||
|---|---|---|---|
| 999 |
_c40846 _d40846 |
||
| 001 | 7487 | ||
| 003 | GE_BSU | ||
| 005 | 20231219121434.0 | ||
| 008 | 181216s2007||||ge |||||||||||||| ||geo|| | ||
| 020 | _a9994000454 | ||
| 040 | _cGE_BSU | ||
| 041 | _ageo | ||
| 080 | _a81'374.822 გ-36 | ||
| 245 |
_aგერმანულ - ქართული ლექსიკონი = Deutsch - Georgisches wörterbuch : _b50.000 ლექსიკური ერთეული / _cშემდგ. რუსუდან ზექალაშვილი, ჭაბუკი ქირია ; რედ. დალი ბახტაძე. |
||
| 250 | _aმე-2 შევსებული გამოცემა | ||
| 264 |
_aთბილისი : _bდეგი, _c2007. |
||
| 300 |
_a846 გვ. ; _c20 სმ. _eძლიერი და უწესო ზმნების ცხრილი გვ. : 841-846 |
||
| 541 | _h15ლ. | ||
| 653 | _aგერმანულ-ქართული ლექსიკონი | ||
| 653 | _aლექსიკონი. | ||
| 700 |
_aზექალაშვილი, რუსუდან _eშემდგენელი _94984 |
||
| 700 |
_aქირია, ჭაბუკი _eშემდგენელი _914567 |
||
| 700 |
_a ბახტაძე, დალი _eრედაქტორი _920785 |
||
| 942 |
_cBK _2udc |
||